| 000 | 00475nam a2200145 a 4500 | ||
|---|---|---|---|
| 008 | 120416s0000 ||||||||||||||||| || u | ||
| 020 | _a0859691683 | ||
| 050 | _aRC 537 Hau | ||
| 100 | _aHauck, Paul | ||
| 245 | 1 | 0 | _aDepression |
| 260 |
_aLondon _bSheldon _c1973 |
||
| 300 | _ax, 102p | ||
| 350 | _a0.00 | ||
| 995 |
_D0.00 _FCBU-MAIN LIBRARY (Kitwe) _H1 _I3.99 _M1 _UAVAILABLE _WApr 19, 2007 _ZMain Library Open Access Collection |
||
| 999 |
_c39634 _d39634 |
||